00750nam a2200205Ia 4500003000400000005001700004008004100021020002900062040001700091082002200108100002200130245005500152260002800207300001600235650001500251942000900266952012800275952012800403999001300531IIN20240129120019.0231217s9999 xx 000 0 und d cRs.450.00a9789350902035 aIINbEnglish a150.2461073 bKON1 aKonnur, Rajesh G.1 aPsychology:bfor Graduate NursescRajesh G. Konnur bJaypeeaNew Delhic2013 axiv, 243 p.1 aPsychology cBOOK 00102ddc40708Purches BookaIINbIINd2023-12-17g450.00l0o150.2461073 KONp725r2023-12-17 21:32:24w2023-12-17yBOOK 00102ddc40708Purches BookaIINbIINd2023-12-17g450.00l0o150.2461073 KONp726r2023-12-17 21:32:24w2023-12-17yBOOK c730d730